|
|
|
|
| LEADER |
01364nam a2200277 a 4500 |
| 001 |
GR-Patra21626 |
| 008 |
070517s2006 gr g 000 0 gre d |
| 040 |
|
|
|a GrPaTEI
|b gre
|c GR-PaULI
|
| 040 |
|
|
|a GrPaTEI
|b gre
|c GR-PaULI
|
| 082 |
|
0 |
|a 938.993
|2 21
|
| 100 |
1 |
|
|a Ψαθάς, Δημήτριος
|
| 245 |
1 |
0 |
|a Γη του πόντου /
|c Δημήτρη Ψαθά.
|
| 250 |
|
|
|a 6η έκδ.
|
| 260 |
|
|
|a Αθήνα :
|b Εκδόσεις Μαρία Δ. Ψαθά,
|c 2006
|
| 300 |
|
|
|a 525 σ. :
|b εικ., χαρ.
|
| 490 |
1 |
|
|a Άπαντα Δημήτρη Ψαθά
|
| 504 |
|
|
|a Βιβλιογραφία σ. 524-525.
|
| 650 |
|
4 |
|a Έλληνες
|z Πόντος
|x Ιστορία
|y 20ος αιώνας
|
| 650 |
|
4 |
|a Πόντος
|y Εθνικές σχέσεις
|
| 710 |
0 |
|
|a Εκδόσεις Μαρία Δ. Ψαθά
|
| 830 |
|
0 |
|1 00121627
|1 2001
|a Άπαντα Δημήτρη Ψαθά
|
| 942 |
|
|
|2 ddc
|
| 952 |
|
|
|0 0
|1 0
|2 ddc
|4 0
|6 938_993000000000000_ΨΑΘ
|7 0
|9 301943
|a LISK
|b LISK
|c BSC
|d 2021-01-17
|e 24
|f 0
|g 0.00
|l 0
|o 938.993 ΨΑΘ
|p 92410031444
|r 2021-01-17 00:00:00
|t 1
|w 2021-01-17
|y BK15
|x 20070517 0 1
|x GrPaTEI
|
| 952 |
|
|
|0 0
|1 0
|2 ddc
|4 0
|6 938_993000000000000_ΨΑΘ
|7 1
|9 301944
|a LISK
|b LISK
|c BSC
|d 2021-01-17
|e 24
|f 0
|g 0.00
|l 0
|o 938.993 ΨΑΘ
|p 92410031445
|r 2021-01-17 00:00:00
|t 1
|w 2021-01-17
|y BKN
|x 20070517 0 0
|x GrPaTEI
|
| 971 |
|
|
|a .b26691991
|b 07-10-20
|c 26-09-16
|
| 999 |
|
|
|c 175517
|d 175517
|